000 00294nam a22001337a 4500
008 170623b xxu||||| |||| 00| 0 eng d
020 _a9780816624379
041 _aeng
080 _a32
100 _a21
101 _aSHP
245 _aTHE ANTI-POLITICS MACHINE
_cFERGUSON,J
942 _2udc
_cBK
999 _c18987
_d18987